[Event "Rishon Le Ziyyon 9798"]
[Site "Rishon Le Ziyyon"]
[Date "1997.12.28"]
[Round "4"]
[White "Vovsha, Eli"]
[Black "Zalkind, Karmi"]
[Result "0-1"]
[WhiteElo "2240"]
[BlackElo "2315"]

1.Nf3 Nf6 2.c4 g6 3.Nc3 Bg7 4.e4 d6 5.d4 O-O 6.Be2 Nbd7 7.O-O e5 8.Qc2 Nh5
9.Bg5 f6 10.Be3 Nf4 11.Bxf4 exf4 12.b4 Kh8 13.c5 dxc5 14.dxc5 c6 15.Rad1 Qe7
16.Qd2 f5 17.exf5 Rxf5 18.Bd3 Rh5 19.Rfe1 Qf8 20.Be4 g5 21.g4 Rh6 22.Nd4 Ne5
23.f3 b6 24.Na4 b5 25.Nxb5 Nc4 26.Qd8 Bxg4 27.Qxf8+ Rxf8 28.Nd6 Be6 29.Bxc6 Ne5
30.Be4 g4 31.c6 gxf3 32.c7 Bf6 33.Rf1 Rg8+ 34.Kh1 Rg2 35.Nf7+ Nxf7  0-1

[Event "Raiffeisen op-A 6th"]
[Site "Aschach"]
[Date "1997.12.30"]
[Round "6"]
[White "Navratil, Robert"]
[Black "Schelle, Artur"]
[Result "1/2-1/2"]
[WhiteElo "2180"]
[BlackElo "2260"]

1.d4 Nf6 2.Nf3 g6 3.c4 Bg7 4.Nc3 d6 5.e4 O-O 6.Be2 e5 7.dxe5 dxe5 8.Qxd8 Rxd8
9.Bg5 Re8 10.Nd5 Nxd5 11.cxd5 c6 12.Nd2 h6 13.Be3 Rd8 14.Bc4 b5 15.Bb3 Bb7
16.Rc1 cxd5 17.Rc7 Rd7 18.Rxb7 Rxb7 19.Bxd5 Rc7 20.Bxa8 Rc1+ 21.Ke2 Rxh1
22.Nf1 Na6 23.Bxa7 Nc7 24.Bc6 b4 25.f3 Ne6 26.Bb5 h5 27.g3 h4 28.Kf2 h3 29.a4 bxa3
30.bxa3 Nd4 31.Bc4 Bf8 32.a4 Bb4 33.Bb6 Nc6 34.Bb5 Nd4 35.Bc4 Nc6 36.Bb5 Nd4  1/2-1/2

[Event "AUT-ch"]
[Site "Moesern"]
[Date "1997.??.10"]
[Round "11"]
[White "Danner, Georg"]
[Black "Schlosser, Michael"]
[Result "1/2-1/2"]
[WhiteElo "2415"]
[BlackElo "2350"]

1.d4 Nf6 2.Nf3 g6 3.c4 Bg7 4.Nc3 O-O 5.e4 d6 6.Be2 e5 7.d5 Na6 8.Nd2 Bh6
9.Qc2 Kh8 10.a3 Nh5 11.b4 c5 12.dxc6 bxc6 13.Bxh5 gxh5 14.Nf3 Bxc1 15.Rxc1 f5
16.O-O Qe7 17.Qd3 Nc7 18.Rfd1 Ne8 19.b5 c5 20.Nd5 Qg7 21.Nh4 f4 22.g3 Nf6
23.Rd2 Bh3 24.Kh1 Rf7 25.Nxf6 Rxf6 26.gxf4 Qg4 27.Qg3 Rxf4 28.Nf5 Rxe4 29.Nxd6 Rf4
30.Qxg4 Bxg4 31.h3 Bxh3 32.Re1 Rg8 33.Rg1 Rgf8 34.Rg3 Bg4 35.Kg1 h4 36.Re3 Bf3
37.Rxe5 h3 38.Kh2 Bg2 39.Ree2 Rf3 40.a4 Ra3 41.Re8 Rxe8 42.Nxe8 Kg8 43.Nf6+ Kg7
44.Nd7 Rxa4 45.Nxc5 Ra1 46.Ne6+ Kf6 47.Nf4 Rc1 48.Rd7 Rxc4 49.Nxg2 hxg2 50.Rxa7 Rg4
51.Kg1 h5 52.b6 h4 53.b7 Rb4 54.Kxg2 Rb3 55.f3 Kg5 56.Ra5+ Kg6 57.Ra4 Rxb7
58.Rxh4 Kg5 59.Kg3 Rb3 60.Rg4+ Kf5 61.Rg8 Ra3 62.Rb8 Ra6 63.Rb5+ Kf6 64.Kg4 Ra4+
65.f4 Ra6 66.Rh5 Kg6 67.f5+ Kg7 68.Kg5 Rb6 69.Rh1 Ra6 70.Rb1 Kf7 71.Rb7+ Kf8
72.Rc7 Rb6 73.f6 Rb1 74.Kg6  1/2-1/2

[Event "AUT-ch"]
[Site "Moesern"]
[Date "1997.??.13"]
[Round "14"]
[White "Danner, Georg"]
[Black "Wittmann, Walter"]
[Result "1/2-1/2"]
[WhiteElo "2415"]
[BlackElo "2405"]

1.d4 Nf6 2.Nf3 g6 3.c4 Bg7 4.Nc3 d6 5.e4 O-O 6.Be2 e5 7.d5 Nbd7 8.Bg5 h6
9.Bh4 a5 10.Nd2 Nc5 11.b3 c6 12.O-O Bd7 13.a3 Qb6 14.Rb1 Rfc8 15.b4 axb4
16.axb4 Na6 17.dxc6 bxc6 18.c5 dxc5 19.Nc4 Qc7 20.bxc5 Rd8 21.Qd6 Qxd6 22.cxd6 Nc5
23.f4 exf4 24.e5 Nd5 25.Nxd5 cxd5 26.Bxd8 Rxd8 27.Nb6 Bxe5 28.Nxd5 Ne4 29.Rb4 Nxd6
30.Nxf4 Bc3 31.Rb3 Bd4+ 32.Kh1 Ne4 33.h4 Nd2 34.Rd3 Nxf1 35.Rxd4 Ng3+ 36.Kh2 Nxe2
37.Nxe2 Re8 38.Rxd7 Rxe2 39.Kh3 Kg7 40.Ra7 Kf6 41.Rb7 Re7 42.Rb5 Rd7 43.Ra5 Ke6
44.Rb5 f5 45.Ra5 Rd3+ 46.Kh2 g5 47.hxg5 hxg5 48.g4 Rd5 49.gxf5+ Rxf5 50.Rxf5 Kxf5
51.Kg3 g4 52.Kg2 Kf4 53.Kf2 g3+ 54.Kg2 Kg4 55.Kg1 Kf3 56.Kf1 g2+ 57.Kg1 Kg3  1/2-1/2

[Event "Viking op"]
[Site "Aaland-Stockholm"]
[Date "1997.??.??"]
[Round "?"]
[White "Greenfeld, Alon"]
[Black "Matros, Alexander"]
[Result "1-0"]
[WhiteElo "2540"]
[BlackElo "2395"]

1.d4 Nf6 2.c4 g6 3.Nc3 Bg7 4.e4 d6 5.Nf3 O-O 6.Be2 Na6 7.O-O e5 8.Be3 Ng4
9.Bg5 f6 10.Bc1 c6 11.c5 exd4 12.Bxa6 dxc3 13.Bc4+ Kh8 14.Qxd6 Qxd6 15.cxd6 f5
16.bxc3 Bxc3 17.Bd2 Bxd2 18.Nxd2 fxe4 19.Nxe4 Ne5 20.Bb3 Bf5 21.Nc5 b6 22.Rfe1 Rae8
23.f4 Nd7 24.Nxd7 Bxd7 25.Re5 Rd8 26.Rd1 Rxf4 27.Re7 c5 28.h3 c4 29.g3 Rf3
30.Bxc4 Rxg3+ 31.Kf2 Rg5 32.Rd4 Rf5+ 33.Ke3 b5 34.Bd3 Rf6 35.h4 a6 36.h5 Kg8
37.Bc2 Re8 38.Rxe8+ Bxe8 39.hxg6 Bd7  1-0

[Event "Viking op"]
[Site "Aaland-Stockholm"]
[Date "1997.??.??"]
[Round "?"]
[White "Gyimesi, Zoltan"]
[Black "Tella, Jussi"]
[Result "1/2-1/2"]
[WhiteElo "2525"]
[BlackElo "2375"]

1.d4 Nf6 2.c4 g6 3.Nc3 Bg7 4.e4 d6 5.Be2 O-O 6.Nf3 e5 7.O-O exd4 8.Nxd4 Re8
9.f3 c6 10.Kh1 Nh5 11.g4 Nf6 12.Bf4 h5 13.h3 Nh7 14.Nb3 Qh4 15.Kg2 Be5 16.Bxe5 dxe5
17.Qe1 Qe7 18.Qg3 h4 19.Qf2 Nd7 20.Rfd1  1/2-1/2

[Event "Skolernes Skakklub op"]
[Site "Aarhus"]
[Date "1997.??.??"]
[Round "6"]
[White "Edvardsson, Kristjan"]
[Black "Madsen, Peder"]
[Result "0-1"]
[WhiteElo "2200"]
[BlackElo "2175"]

1.d4 Nf6 2.c4 g6 3.Nc3 Bg7 4.e4 d6 5.Be2 O-O 6.Nf3 e5 7.d5 a5 8.Bg5 h6 9.Bh4 Na6
10.Nd2 Qe8 11.a3 Bd7 12.b3 Nc5 13.O-O Qc8 14.Qc2 g5 15.Bg3 Nfxe4 16.Ndxe4 Nxe4
17.Nxe4 f5 18.f3 fxe4 19.fxe4 Rf4 20.Bxf4 exf4 21.Rac1 Be5 22.Qd2 Qf8 23.b4 Qf6
24.Rc2 Ba4 25.Rcc1 b6 26.Kh1 Bb2 27.Qd3 axb4 28.axb4 Bxc1 29.Rxc1 Qb2 30.Rf1 Bd7
31.Rb1 Ra1 32.Rxa1 Qxa1+ 33.Bf1 Kg7 34.h3 Kf6 35.e5+ Kxe5 36.Kh2 Bf5 37.Qe2+ Be4
38.b5 Qc3 39.Qh5 Qg3+ 40.Kh1 f3 41.Qe8+ Kd4 42.Qh8+ Kc5 43.Qb2 f2  0-1

[Event "Skolernes Skakklub op"]
[Site "Aarhus"]
[Date "1997.??.??"]
[Round "7"]
[White "Henrichsen, Jens"]
[Black "Edvardsson, Kristjan"]
[Result "1-0"]
[WhiteElo "2070"]
[BlackElo "2200"]

1.d4 Nf6 2.c4 g6 3.Nc3 Bg7 4.e4 d6 5.Be2 O-O 6.Nf3 e5 7.O-O exd4 8.Nxd4 Re8
9.f3 Nh5 10.g4 Nf6 11.Kh1 h5 12.g5 Nfd7 13.Rg1 Nc6 14.Be3 Nde5 15.Qd2 Nxd4
16.Bxd4 Be6 17.b3 c5 18.Be3 Nc6 19.Rad1 a6 20.h4 Qe7 21.Bd3 Nd4 22.Rdf1 Rab8
23.Rg3 b5 24.f4 b4 25.Nd5 Bxd5 26.cxd5 a5 27.f5 Be5 28.Rg2 Qd7 29.Qf2 Rf8
30.Bf4 Ra8 31.Qg3 Rae8 32.Rgf2 Qe7 33.fxg6 fxg6 34.Bxe5 Rxf2 35.Rxf2 dxe5
36.Rf6 Kg7 37.Bf1 Rd8 38.Bh3 Rd6 39.Be6 Nxe6 40.Qxe5 Kh7 41.dxe6  1-0

[Event "Adelquis Remon"]
[Site "Adelquis Remon"]
[Date "1997.??.??"]
[Round "?"]
[White "Blanco, Cesar Augusto"]
[Black "Pupo, Emilio"]
[Result "1-0"]
[WhiteElo "2335"]
[BlackElo "2400"]

1.d4 Nf6 2.c4 g6 3.Nc3 Bg7 4.e4 d6 5.Be2 O-O 6.Nf3 e5 7.d5 a5 8.Bg5 h6 9.Bh4 Na6
10.Nd2 Qe8 11.O-O Bd7 12.a3 Nh7 13.Kh1 Bf6 14.Bxf6 Nxf6 15.b3 Qe7 16.Qc2 c6
17.Qb2 c5 18.Nb5 Nh7 19.f4 exf4 20.Rxf4 Rae8 21.Bd3 b6 22.Rff1 Bc8 23.Rae1 Bb7
24.e5 dxe5 25.Nf3 f5 26.Nxe5 Qf6 27.Qc3 Bc8 28.Re2 Re7 29.Rfe1 Nb8 30.Qd2 Rfe8
31.Nc7 Rxc7 32.Ng4 fxg4 33.Rxe8+ Kg7 34.Qe3 Na6 35.Re7+ Kg8 36.Rxc7 Nxc7
37.Qe7 Qf7 38.Qd8+  1-0

[Event "Adelquis Remon"]
[Site "Adelquis Remon"]
[Date "1997.??.??"]
[Round "?"]
[White "Barrio, D."]
[Black "Pupo, Emilio"]
[Result "1/2-1/2"]
[WhiteElo "2355"]
[BlackElo "2400"]

1.d4 Nf6 2.c4 g6 3.Nc3 Bg7 4.e4 d6 5.Nf3 O-O 6.Be2 e5 7.d5 a5 8.Bg5 h6 9.Bh4 Na6
10.Nd2 Qe8 11.a3 Bd7 12.b3 Nh7 13.f3 f5 14.O-O Bf6 15.Bf2 Bg5 16.Qc2 Nf6
17.Rab1 Nh5 18.Rfd1 Nc5 19.b4 axb4 20.axb4 fxe4 21.bxc5 e3 22.Be1 exd2 23.Bxd2 Bf5
24.Ne4 Bxe4 25.fxe4 Nf4 26.Bf1 Qc8  1/2-1/2

[Event "Alushta"]
[Site "Alushta"]
[Date "1997.??.??"]
[Round "1"]
[White "Prokopchuk, Evgeny"]
[Black "Kovalev, Andrei"]
[Result "1-0"]
[WhiteElo "2440"]
[BlackElo "2405"]

1.d4 Nf6 2.Nf3 d6 3.c4 g6 4.Nc3 Bg7 5.e4 O-O 6.Be2 e5 7.O-O Nh5 8.Bg5 f6
9.Be3 Nf4 10.c5 Nxe2+ 11.Qxe2 exd4 12.Nxd4 dxc5 13.Qc4+ Kh8 14.Qxc5 Nd7  1-0

[Event "Alushta-B"]
[Site "Alushta"]
[Date "1997.??.??"]
[Round "5"]
[White "Arakelian, Eduard"]
[Black "Rosanov, Lev I"]
[Result "1-0"]
[WhiteElo "2415"]
[BlackElo "2155"]

1.d4 Nf6 2.c4 g6 3.Nc3 Bg7 4.e4 d6 5.Nf3 O-O 6.Be2 e5 7.d5 Ne8 8.h4 f5 9.h5 f4
10.hxg6 hxg6 11.Nh2 Qh4 12.Bg4 Na6 13.Bxc8 Rxc8 14.Bd2 c6 15.Qe2 cxd5 16.Nxd5 Nec7
17.Nxc7 Rxc7 18.Qd3 Qe7 19.Nf3 Nc5 20.Qe2 Rfc8 21.b3 Bf6 22.Rd1 Ne6 23.Qd3 Rc6
24.Bb4 Rd8 25.Nd2 Kg7 26.Nb1 Ng5 27.Nc3 Qe6 28.Qe2 Rd7 29.Nd5 Bd8 30.Bc3 Kg8
31.Rd3 Rh7 32.Rxh7 Kxh7 33.Rd1 f3 34.gxf3 Qh3 35.Kd2 Nxf3+ 36.Kc2 b5 37.Rd3 bxc4
38.Rxf3 cxb3+ 39.axb3 Qh1 40.Rf7+ Kg8 41.Qf3  1-0

[Event "Alushta-B"]
[Site "Alushta"]
[Date "1997.??.??"]
[Round "11"]
[White "Arakelian, Eduard"]
[Black "Andreev, Eduard"]
[Result "1/2-1/2"]
[WhiteElo "2415"]
[BlackElo "2335"]

1.d4 Nf6 2.c4 g6 3.Nc3 Bg7 4.e4 d6 5.Nf3 O-O 6.Be2 e5 7.d5 a5 8.Bg5 h6 9.Bh4 Na6
10.Nd2 Qe8 11.a3 Bd7 12.Rb1 h5 13.f3 Bh6 14.Bf2  1/2-1/2

[Event "Schahin Cury"]
[Site "Americana"]
[Date "1997.??.??"]
[Round "6"]
[White "Vescovi, Giovanni"]
[Black "Zapata, Alonso"]
[Result "1-0"]
[WhiteElo "2480"]
[BlackElo "2505"]

1.d4 Nf6 2.Nf3 g6 3.c4 Bg7 4.Nc3 O-O 5.e4 d6 6.Be2 e5 7.d5 a5 8.Bg5 h6 9.Bh4 Na6
10.Nd2 Bd7 11.a3 Qb8 12.O-O Nh7 13.Rb1 h5 14.f3 Nc5 15.b3 Bh6 16.Qc2 f5 17.b4 axb4
18.axb4 Na4 19.exf5 Be3+ 20.Bf2 Bxf2+ 21.Rxf2 Nxc3 22.Qxc3 Bxf5 23.Bd3 Qa7
24.c5 Nf6 25.Bxf5 gxf5 26.Qd3 dxc5 27.Qxf5 cxb4 28.Ne4 Qb6 29.Qg6+ Kh8 30.Nxf6 Rxf6
31.Qxh5+ Kg7 32.Qg4+ Kf7 33.Qxb4 Ra6 34.Qe4 Qc5 35.Qc2 Qxd5 36.Qxc7+ Kg6
37.Qxb7 Qd4 38.Qb2 Rab6 39.Qc2+ Kg7 40.Rd1 Qe3 41.Rd7+ Rf7 42.Rxf7+ Kxf7
43.g3 Kf6 44.Kg2 Rd6 45.Re2 Qd4 46.h4  1-0

[Event "Schahin Cury"]
[Site "Americana"]
[Date "1997.??.??"]
[Round "10"]
[White "Vescovi, Giovanni"]
[Black "Sorin, Ariel"]
[Result "1/2-1/2"]
[WhiteElo "2480"]
[BlackElo "2460"]

1.d4 Nf6 2.Nf3 g6 3.c4 Bg7 4.Nc3 O-O 5.e4 d6 6.Be2 Nbd7 7.O-O e5 8.d5 Nc5
9.Qc2 a5 10.Bg5 h6 11.Be3 Nh5 12.g3 Bh3 13.Rfe1 b6 14.Nh4 Nf4 15.Bf3 Qf6
16.Red1 Rae8 17.Rd2 h5 18.Qd1 Bc8 19.Kh1 Kh7 20.a3 Bh6 21.b4 Nb7 22.Ng2 Nxg2
23.Bxg2 Bxe3 24.fxe3 h4 25.Qf3 Qg5 26.gxh4 Qxh4 27.Rf2 Kg7 28.Qg3 Qe7 29.Bh3 Bxh3
30.Qxh3 Ra8 31.Rg1 Rh8  1/2-1/2

[Event "Ankara"]
[Site "Ankara"]
[Date "1997.??.??"]
[Round "8"]
[White "Yilmaz, Turham"]
[Black "Zulfugarli, Magomed"]
[Result "1-0"]
[WhiteElo "2390"]
[BlackElo "2385"]

1.d4 Nf6 2.c4 g6 3.Nc3 Bg7 4.e4 d6 5.Be2 O-O 6.Nf3 Na6 7.O-O e5 8.Be3 Ng4
9.Bg5 f6 10.Bh4 Qe8 11.dxe5 dxe5 12.Nd2 Nh6 13.f3 Nc5 14.Bf2 Ne6 15.Re1 f5
16.b4 Nf7 17.Nb3 h5 18.Bf1 f4 19.a4 g5 20.a5 a6 21.Nd5 Kh7 22.Nc5 Nfd8 23.Ra3 Rg8
24.Rd3 Qf7 25.Nb3 Bf6 26.h3 Qg7 27.Re2 Nf7 28.Red2 Bd8 29.Be2 Nh6 30.Qa1 g4
31.hxg4 hxg4 32.Kf1 gxf3 33.Bxf3 Ng5 34.Ke2 Be6 35.Nc5 Bf7 36.Nxb7 c6 37.Nxd8 Raxd8
38.Nb6 Rb8 39.Rd7 Rxb6 40.axb6 Bxc4+ 41.Kd1 Nhf7 42.b7 Nxf3 43.gxf3 Qg2 44.Qc3 Qf1+
45.Kc2 Ba2 46.Be1 Qb5 47.Rh2+ Kg7 48.Kb2 Be6 49.Re7 Kf6 50.Bh4+ Ng5 51.Rxe6+ Kxe6
52.Qb3+  1-0

[Event "Ano Liosia op"]
[Site "Ano Liosia"]
[Date "1997.??.??"]
[Round "4"]
[White "Agamaliev, Djamil"]
[Black "Arakhamia, Ketevan"]
[Result "0-1"]
[WhiteElo "2475"]
[BlackElo "2490"]

1.d4 Nf6 2.Nf3 g6 3.c4 Bg7 4.Nc3 O-O 5.e4 d6 6.Be2 e5 7.d5 a5 8.Bg5 h6 9.Bh4 Na6
10.Nd2 Qe8 11.a3 Bd7 12.b3 Nh7 13.O-O h5 14.f3 Bh6 15.Kh1 Be3 16.Ra2 c6 17.Ndb1 g5
18.dxc6 bxc6 19.Bf2 Bxf2 20.Rxf2 Qe7 21.Rd2 Rad8 22.Rxd6 Bc8 23.Rxd8 Rxd8
24.Qf1 Nf8 25.Na4 Ne6 26.Qe1 Qa7 27.Bf1 Nac7 28.Rd2 Nd4 29.Qe3 Nce6 30.Nbc3 Qe7
31.Nb1 g4 32.fxg4 hxg4 33.Nb6 Kg7 34.Be2 Qh4 35.Qg3 Qxg3 36.hxg3 Nxe2 37.Rxd8 Nxd8
38.Nxc8 Nxg3+ 39.Kg1 Nxe4 40.b4 axb4 41.axb4 Kf6 42.Na3 Ke6 43.Nc2 f5 44.b5 cxb5
45.cxb5 Nc3 46.Na7 f4 47.Kf1 g3 48.Nb4 e4 49.b6 Nd5 50.Nxd5 Kxd5 51.Nc8 Nb7
52.Ne7+ Kd4 53.Ng6 Ke3 54.Ne5 Nc5 55.Ng6 f3 56.Nh4 f2 57.Nf5+ Kd3 58.Nxg3 e3
59.Ne2 Ne4  0-1

[Event "Ano Liosia op"]
[Site "Ano Liosia"]
[Date "1997.??.??"]
[Round "5"]
[White "Shariyazdanov, Andrey"]
[Black "Koyias, Konstantinos"]
[Result "1-0"]
[WhiteElo "2525"]
[BlackElo "2280"]

1.d4 Nf6 2.c4 g6 3.Nc3 Bg7 4.e4 d6 5.Be2 O-O 6.Nf3 e5 7.O-O exd4 8.Nxd4 Re8
9.f3 c6 10.Nc2 Be6 11.Be3 d5 12.cxd5 cxd5 13.e5 Nfd7 14.f4 Nc6 15.Nd4 Nxd4
16.Bxd4 f6 17.exf6 Nxf6 18.Bf3 Qa5 19.Re1 Bf7 20.Qd3 Rad8 21.Rxe8+ Rxe8 22.Rd1 a6
23.Be5 Qc5+ 24.Qd4 Qxd4+ 25.Bxd4 b5 26.a3 Rc8 27.g3 Rc4 28.Be2 Rc8 29.Bd3 Be6
30.Re1 Kf7 31.Ne2 Bf5 32.Bxf5 gxf5 33.Nc3 Rc4 34.Rd1 Ke6 35.Be5 b4 36.axb4 Rxb4
37.Nxd5 Nxd5 38.Bxg7 h5 39.Ra1 Rb6 40.Bd4 Rc6 41.Re1+ Kf7 42.Re5 Ne7 43.Bc5 Re6
44.Bxe7 Rxe5 45.fxe5 Kxe7 46.Kg2 Ke6 47.Kh3 Kxe5 48.Kh4 f4 49.gxf4+ Kxf4
50.Kxh5 a5 51.h4 Kf5 52.b3 Kf6 53.Kg4 Kg6 54.Kf4 Kh5 55.Ke5 Kxh4 56.Kd5 Kg5
57.Kc5  1-0

[Event "Ano Liosia op"]
[Site "Ano Liosia"]
[Date "1997.??.??"]
[Round "5"]
[White "Naumkin, Igor"]
[Black "Simeonidis, Ioannis"]
[Result "1-0"]
[WhiteElo "2435"]
[BlackElo "2260"]

1.d4 Nf6 2.c4 g6 3.Nc3 Bg7 4.e4 d6 5.Nf3 O-O 6.Be2 e5 7.d5 a5 8.Bg5 h6 9.Bh4 Na6
10.Nd2 Bd7 11.O-O Qb8 12.a3 Nh7 13.Rb1 h5 14.f3 Nc5 15.b3 Bh6 16.Qc2 Qe8
17.b4 axb4 18.axb4 Na4 19.Nb5 Bxb5 20.cxb5 Qd7 21.Bf2 Nb6 22.Rb3 Rfc8 23.Rc3 Qd8
24.Rc1 Nd7 25.Be1 b6 26.Rxc7 Rxc7 27.Qxc7 Qxc7 28.Rxc7 Nhf6 29.Nc4 Ra1 30.Kf2 h4
31.g3  1-0

[Event "BEL-chT 9798"]
[Site "Antwerp"]
[Date "1997.??.??"]
[Round "3"]
[White "Krijgelmans, Johan"]
[Black "Ahn, Martin"]
[Result "1/2-1/2"]
[WhiteElo "2270"]
[BlackElo "2310"]

1.d4 Nf6 2.c4 g6 3.Nc3 Bg7 4.e4 d6 5.Nf3 O-O 6.Be2 e5 7.d5 Na6 8.Bg5 h6 9.Bh4 g5
10.Bg3 Nxe4 11.Nxe4 f5 12.Nfd2 fxe4 13.Nxe4 Bf5 14.Bd3 g4 15.Qe2 h5 16.h3 gxh3
17.Qxh5 hxg2 18.Rg1 Qe8 19.Qxe8 Raxe8 20.Rxg2 Nb4 21.Bb1 a5 22.a3 Na6 23.Bc2 Nc5
24.Nxc5 Bxc2 25.Ne6 Rf7 26.Bh4 Bf5 27.Nxg7 Rxg7 28.Rxg7+ Kxg7 29.Kd2  1/2-1/2

[Event "BEL-chT 9798"]
[Site "Antwerp"]
[Date "1997.??.??"]
[Round "4"]
[White "Krijgelmans, Johan"]
[Black "Hausrath, Daniel"]
[Result "0-1"]
[WhiteElo "2270"]
[BlackElo "2415"]

1.d4 Nf6 2.c4 g6 3.Nc3 Bg7 4.e4 d6 5.Nf3 O-O 6.Be2 e5 7.d5 a5 8.Bg5 h6 9.Bh4 Na6
10.Nd2 h5 11.a3 Bd7 12.Rb1 Bh6 13.f3 Bxd2+ 14.Qxd2 Nxe4 15.Nxe4 Qxh4+ 16.g3 Qe7
17.Qh6 Bf5 18.Bd3 Bxe4 19.Bxe4 a4 20.O-O Nc5 21.Rbe1 Qf6 22.Bc2 Rae8 23.Re2 Qg7
24.Qg5 f5 25.Kh1 Kh7 26.g4 Qh6 27.Qxh6+ Kxh6 28.gxf5 gxf5 29.Rg1 Rg8 30.Bxf5 Rxg1+
31.Kxg1 Kg5 32.Bc2 Kf4 33.Rg2 Kxf3 34.Bd1+ Ke3 35.Bxh5 Rh8 36.Be2 Rh4 37.Kf1 e4
38.Rg3+ Kd2 39.Rg2 Kc2 40.Bg4+ Kb3 41.h3 Kxc4 42.Rd2 Rh7 43.Ke2 Nd3 44.Bf5 Re7
45.Rc2+ Kxd5 46.Bxe4+ Kd4 47.Kf3 Rxe4 48.Rxc7 Re3+ 49.Kg4 Nxb2 50.Rxb7 Nc4
51.h4 Rxa3 52.h5 Ne5+ 53.Kg5 Rg3+ 54.Kh4 Rg4+ 55.Kh3 Rg1 56.Kh2 Rg5  0-1

[Event "BEL-chT 9798"]
[Site "Antwerp"]
[Date "1997.??.??"]
[Round "5"]
[White "Luminet, Denis"]
[Black "Meessen, Rudolf"]
[Result "1/2-1/2"]
[WhiteElo "2285"]
[BlackElo "2310"]

1.Nf3 Nf6 2.c4 g6 3.Nc3 Bg7 4.d4 O-O 5.e4 d6 6.Be3 e5 7.Be2 h6 8.O-O Ng4
9.Bc1 Nc6 10.d5 Ne7 11.h3 Nf6 12.Be3 Nh5 13.Rc1 f5 14.exf5 Nxf5 15.Ne4 Nxe3
16.fxe3 Bf5 17.Nfd2 Nf6 18.Bd3 Nxe4 19.Nxe4 h5 20.Qe2 Qh4 21.Qe1 Qe7 22.b3 Bh6
23.Rc3 Kg7 24.Qg3 h4 25.Qe1 Rf7 26.Qe2 Raf8 27.Rcc1 Qd8 28.Rce1 c6 29.Nc3 Qg5
30.Bxf5 gxf5 31.e4 cxd5 32.Nxd5 Kh7 33.exf5 Rxf5 34.Qe4 Qg6  1/2-1/2

[Event "Lost Boys 5th"]
[Site "Antwerp"]
[Date "1997.??.??"]
[Round "5"]
[White "Van Wely, Loek"]
[Black "Piket, Jeroen"]
[Result "1-0"]
[WhiteElo "2655"]
[BlackElo "2630"]

1.c4 Nf6 2.Nc3 g6 3.e4 d6 4.d4 Bg7 5.Nf3 O-O 6.Be2 e5 7.O-O Na6 8.Be3 Ng4
9.Bg5 Qe8 10.dxe5 dxe5 11.h3 Nf6 12.Be3 b6 13.a3 Bb7 14.Qc2 Nc5 15.Bxc5 bxc5
16.Nd2 a5 17.Nd5 Qb8 18.Rfd1 Rd8 19.Rac1 Nd7 20.Bg4 Nf8 21.h4 h5 22.Bh3 Qa7
23.Nf3 f6 24.Qa4 Rab8 25.Nd2 c6 26.Nc3 Bh6 27.Rc2 Qb6 28.Nb3 Rxd1+ 29.Nxd1 Bc8
30.Bxc8 Rxc8 31.Nxa5 Qd8 32.Nc3 Ne6 33.b4 Qd3 34.Nxc6 Rxc6 35.Qxc6 Nd4 36.Qe8+ Kh7
37.Nd5 Qd1+ 38.Kh2 Bf4+ 39.Nxf4 exf4 40.Qf7+ Kh6 41.Qxf6 Kh7 42.Qe7+ Kg8
43.Qd8+ Kh7 44.Qc7+ Kg8 45.Rb2  1-0

[Event "BEL-chT 9798"]
[Site "Antwerp"]
[Date "1997.??.??"]
[Round "6"]
[White "Mohandesi, Shahin"]
[Black "De Wit, Dick"]
[Result "1-0"]
[WhiteElo "2285"]
[BlackElo "2335"]

1.Nf3 Nf6 2.c4 g6 3.Nc3 Bg7 4.e4 d6 5.d4 O-O 6.Be2 Nbd7 7.O-O e5 8.Be3 Ng4
9.Bg5 f6 10.Bd2 Nh6 11.Qc2 c6 12.Rad1 Qe7 13.Rfe1 Re8 14.Bf1 Nf8 15.h3 Ne6
16.d5 Nf4 17.Bxf4 exf4 18.Qd2 c5 19.Qxf4 a6 20.Qd2 Bd7 21.a3 b6 22.b4 Nf7
23.Rb1 Ne5 24.Nxe5 Qxe5 25.f4 Qd4+ 26.Qxd4 cxd4 27.Nd1 f5 28.Nf2 fxe4 29.Nxe4 Rxe4
30.Rxe4 Bf5 31.Rbe1 Bxe4 32.Rxe4 Kf7 33.Re6 Bf8 34.Kf2 Re8 35.Rxe8 Kxe8 36.Kf3 Bg7
37.g4 Kf7 38.c5 dxc5 39.bxc5 Bf8 40.cxb6 Bxa3 41.b7 Bd6 42.Bxa6 Ke7 43.g5 Kd7
44.Bd3 Kc7 45.f5 gxf5 46.Bxf5 Kxb7 47.Bxh7 Kc7 48.Ke4 Kd7 49.Kxd4 Bg3 50.Ke4 Ke7
51.Kf5 Kf7 52.Kg4 Bd6 53.h4 Kg7 54.Bd3 Kf7 55.h5 Kg7 56.Bg6 Bc5 57.Kf5 Be7
58.h6+ Kg8 59.Kg4 Kf8 60.Kh5 Bd6 61.Bf5 Kf7 62.Be6+ Kf8 63.g6  1-0

[Event "Argenteuil"]
[Site "Argenteuil"]
[Date "1997.??.??"]
[Round "4"]
[White "Royer, Sylvain"]
[Black "Ippolito, Manuel"]
[Result "0-1"]
[WhiteElo "2230"]
[BlackElo "2280"]

1.d4 Nf6 2.Nf3 g6 3.c4 Bg7 4.Nc3 d6 5.e4 O-O 6.Be2 e5 7.O-O Nh5 8.dxe5 dxe5
9.Qxd8 Rxd8 10.Bg5 f6 11.Rfd1 Re8 12.Be3 Nf4 13.Bxf4 exf4 14.Nd5 Na6 15.c5 c6
16.Bxa6 cxd5 17.Bb5 Rxe4 18.Rxd5 Be6 19.Rd6 Rb4 20.Nd4 Bf7 21.Rd1 Bf8 22.a3 Rxb2
23.Rxf6 Bg7 24.Rxf7 Kxf7 25.Bc4+ Kf6 26.Nf3 Bf8 27.h4 Rc2 28.Rd4 Bxc5 29.Rxf4+ Ke7
30.Ng5 Rc1+ 31.Bf1 Rf8 32.Re4+ Kd7 33.Nf3 Bxa3 34.Ne5+ Kc7 35.Nd3 Rc3 36.Nf4 Kb8
37.g3 Bd6 38.Nd5 Rc2 39.Be2 Rc5 40.Ne3 Re5 41.Rd4 Bc5  0-1

[Event "EU-ch Rapid"]
[Site "Athens"]
[Date "1997.??.??"]
[Round "3"]
[White "Tella, Jussi"]
[Black "Grivas, Efstratios"]
[Result "1/2-1/2"]
[WhiteElo "2375"]
[BlackElo "2465"]

1.d4 Nf6 2.c4 g6 3.Nc3 Bg7 4.e4 d6 5.Nf3 O-O 6.Be2 e5 7.d5 a5 8.Bg5 h6 9.Bh4 Na6
10.Nd2 Qe8 11.O-O Bd7 12.Kh1 Nh7 13.a3 b6 14.b3 Bf6 15.Bxf6 Nxf6 16.Qc2 h5
17.Qb2 c5 18.dxc6 Bxc6 19.b4 Nc7 20.Nd5 Ncxd5 21.exd5 Bd7 22.Rae1 axb4 23.axb4 b5
24.f4 bxc4 25.Bxc4 Bf5 26.fxe5 Ng4 27.e6 Ne5 28.Rxe5 dxe5 29.Qxe5 fxe6 30.dxe6 Qe7
31.Nf3 Rac8 32.Bd5 Bg4 33.Qe4 Bf5 34.Qe5 Bg4 35.Qe4 Bf5 36.Qe5  1/2-1/2

[Event "EU-ch Rapid (Women)"]
[Site "Athens"]
[Date "1997.??.??"]
[Round "5"]
[White "Jiretorn, Eva"]
[Black "Paasikangas, Johanna"]
[Result "0-1"]
[WhiteElo "2080"]
[BlackElo "2325"]

1.d4 Nf6 2.c4 g6 3.Nc3 Bg7 4.e4 d6 5.Nf3 O-O 6.Be2 e5 7.O-O exd4 8.Nxd4 Re8
9.f3 c6 10.Be3 d5 11.cxd5 Nxd5 12.Bf2 Nxc3 13.bxc3 Qa5 14.Qb3 Nd7 15.Rad1 a6
16.c4 Ne5 17.Qc2 b5 18.f4 Ng4 19.Nxc6 Qc7 20.cxb5 Nxf2 21.Rxf2 Be6 22.a4 axb5
23.axb5 Qb6 24.e5 Bf8 25.Kf1 Ra2 26.Qd3 Bc5 27.Rf3 Bg4 28.Qc4 Rea8 29.Rd8+ Kg7
30.Rxa8 Rxa8 31.Qc3 Bxf3 32.Bxf3 Bg1 33.e6+ Kh6 34.Ke2 fxe6 35.Qe5 Qc5 36.Qf6 Ra3
37.Qh4+ Kg7 38.Qe7+ Qxe7  0-1

[Event "EU-ch Rapid"]
[Site "Athens"]
[Date "1997.??.??"]
[Round "6"]
[White "Baumegger, Siegfried"]
[Black "Tella, Jussi"]
[Result "1-0"]
[WhiteElo "2485"]
[BlackElo "2375"]

1.d4 Nf6 2.Nf3 g6 3.c4 Bg7 4.Nc3 O-O 5.e4 d6 6.Be2 e5 7.Be3 Na6 8.O-O Ng4
9.Bg5 Qe8 10.dxe5 h6 11.Bh4 Nxe5 12.Nd4 c6 13.Re1 Nc5 14.Bf1 a5 15.Qd2 a4
16.Rad1 a3 17.b3 Na6 18.f4 Nd7 19.Nf3 Ndc5 20.f5 Bxc3 21.Qxc3 Nxe4 22.Qe3 g5
23.Bxg5 hxg5 24.Nxg5 Bxf5 25.Nxe4 Bxe4 26.Qg5+ Bg6 27.Rxe8 Rfxe8 28.Rxd6 Kh7
29.Bd3 Rg8 30.Qh5+  1-0

[Event "EU-ch Rapid"]
[Site "Athens"]
[Date "1997.??.??"]
[Round "7"]
[White "Tella, Jussi"]
[Black "David, Alberto"]
[Result "0-1"]
[WhiteElo "2375"]
[BlackElo "2460"]

1.d4 Nf6 2.c4 g6 3.Nc3 Bg7 4.e4 O-O 5.Nf3 d6 6.Be2 e5 7.d5 a5 8.Bg5 Na6 9.Nd2 h6
10.Be3 Nd7 11.O-O f5 12.exf5 gxf5 13.f4 Ndc5 14.Kh1 Bd7 15.Nb3 b6 16.Nxc5 Nxc5
17.Qd2 Kh7 18.Rae1 a4 19.Bd1 e4 20.Bc2 Qf6 21.Rd1 a3 22.Qf2 axb2 23.Bd4 Qf7
24.Bb1 Bxd4 25.Rxd4 Qg7 26.Rfd1 Rfe8 27.Qxb2 Nd3 28.R4xd3 exd3 29.Bxd3 Re3
30.Qc2 Rae8 31.Rf1 Re1  0-1

[Event "EU-ch Rapid (Women)"]
[Site "Athens"]
[Date "1997.??.??"]
[Round "9"]
[White "Jiretorn, Eva"]
[Black "Riegler, Alessandra"]
[Result "1/2-1/2"]
[WhiteElo "2080"]
[BlackElo "2030"]

1.d4 Nf6 2.c4 g6 3.Nc3 Bg7 4.e4 d6 5.Be2 O-O 6.Nf3 Nbd7 7.O-O e5 8.d5 Nc5
9.Qc2 a5 10.Ne1 Ne8 11.Be3 f5 12.f3 Nd7 13.Nd3 f4 14.Bf2 Qg5 15.Rfd1 Nef6
16.Nb5 Ne8 17.c5 Ndf6 18.Bf1 h5 19.Be1 h4 20.Qf2 h3 21.Qh4 Qxh4 22.Bxh4 hxg2
23.Bxg2 Bd7 24.Na3 Nh7 25.Rac1 g5 26.Be1 g4 27.cxd6 cxd6 28.Nc4 gxf3 29.Bxf3 Ng5
30.Kf2 Nf6 31.Nxd6 Nxf3 32.Rc7 Bg4 33.Bc3 Rad8 34.b3 b5 35.h3 Bh5 36.Nc5 b4
37.Be1  1/2-1/2

[Event "EU-ch Rapid"]
[Site "Athens"]
[Date "1997.??.??"]
[Round "12"]
[White "Arlandi, Ennio"]
[Black "Grivas, Efstratios"]
[Result "0-1"]
[WhiteElo "2470"]
[BlackElo "2465"]

1.d4 Nf6 2.c4 g6 3.Nc3 Bg7 4.e4 d6 5.Nf3 O-O 6.Be2 e5 7.O-O Nbd7 8.Re1 c6
9.Bf1 Qe7 10.Rb1 a5 11.d5 Nc5 12.b3 Bd7 13.a3 cxd5 14.cxd5 Rfc8 15.Nd2 a4
16.b4 Nd3 17.Bxd3 Rxc3 18.Qe2 Rac8 19.Bb2 R3c7 20.Nc4 b5 21.Nb6 Rb8 22.Nxd7 Qxd7
23.Rbc1 Bh6 24.Rxc7 Qxc7 25.Bxb5 Nxe4 26.Bc6 f5 27.Qa6 Qe7 28.Re2 Rd8 29.Qxa4 Qh4
30.b5 Bf4 31.g3 Qg4 32.Qc2 h5 33.h3 Qxh3 34.Rxe4 fxe4 35.gxf4 Rf8 36.Qxe4 Rxf4
37.Qxg6+ Kh8 38.Qh6+ Kg8 39.Qg5+ Kf7 40.Be8+ Kxe8 41.Qg8+ Ke7 42.Qe6+ Qxe6
43.dxe6 Kxe6 44.Kg2 Kd7 45.Bc1 Rc4 46.Be3 Ra4 47.Kh3 Rxa3 48.Kh4 Rb3 49.b6 Kc6
50.Kxh5 Rxe3 51.fxe3 Kxb6  0-1